000 01152naa a22003257a 4500
001 BR9509288
003 BR-BrBNA
005 20240918181425.0
007 ta
008 230509b bl.||||| |||| 00| 0 por d
040 _aBR-BrBNA
_bpor
_cBiblioteca Nacional de Agricultura
041 _a(Pt)
072 _aF04
_b2480
_b3810
_b3820
_b3830
_b3840
090 _aF04 BR9509288
100 1 _aViegas, I.J.M.
100 1 _aCunha, R.L.M. da
111 1 _a3. Seminario Nacional da Seringueira
_cManaus, AM (Brazil)
_d23-29 Jun 1980
245 1 _aAvaliacao da formula comercial de adubacao N, P205, K20 e MgO em viveiro de seringueira
260 3 _aBrasilia, DF (Brasil):
_c1980.
500 _aAnais do 3. Seminario Nacional da Seringueira Brasilia, DF (Brasil): 1980. v. 2 p. 874-888 (BR9509288-AM)F04
650 _aSeringueira
650 _aNPK
650 _aAdubacao
650 _aMagnesio
650 _aViveiro
650 _aCaracteristicas Agronomicas
773 0 _tAnais do 3. Seminario Nacional da Seringueira
_wF04 BR9509288
_gBrasilia, DF (Brasil), 1980. v. 2 p. 874-888
909 _a202404
_bLucia
_c55
_dLucia Elande
942 _cAM
_2AGRIS
999 _c325193
_d325193